Fundamentals of English grammar / (Record no. 72645)

MARC details
000 -LEADER
fixed length control field 00761nam a22002417i 4500
003 - CONTROL NUMBER IDENTIFIER
control field URS
005 - DATE AND TIME OF LATEST TRANSACTION
control field 20251001091318.0
008 - FIXED-LENGTH DATA ELEMENTS--GENERAL INFORMATION
fixed length control field 181206s2001 ph ||||| |||| 00| 0 eng d
020 ## - INTERNATIONAL STANDARD BOOK NUMBER
International Standard Book Number 9712332128
040 ## - CATALOGING SOURCE
Language of cataloging eng
Description conventions rda
Transcribing agency URS
050 14 - LIBRARY OF CONGRESS CALL NUMBER
Classification number L15
Item number .C888 2001
100 1# - MAIN ENTRY--PERSONAL NAME
Personal name Cruz, Justice Isagani A.
Relator term author
245 10 - TITLE STATEMENT
Title Fundamentals of English grammar /
Statement of responsibility, etc. Justice Isagani A. Cruz
264 #1 - PRODUCTION, PUBLICATION, DISTRIBUTION, MANUFACTURE, AND COPYRIGHT NOTICE
Place of production, publication, distribution, manufacture Manila, Philippines :
Name of producer, publisher, distributor, manufacturer Rex Book Store,
Date of production, publication, distribution, manufacture, or copyright notice [date of publication not identified].
264 #4 - PRODUCTION, PUBLICATION, DISTRIBUTION, MANUFACTURE, AND COPYRIGHT NOTICE
Date of production, publication, distribution, manufacture, or copyright notice ©2001
300 ## - PHYSICAL DESCRIPTION
Extent xx, 368 pages :
Other physical details colour illustrations ;
Dimensions 22 cm
336 ## - CONTENT TYPE
Content type term text
Content type code txt
Source rdacontent
337 ## - MEDIA TYPE
Media type term unmediated
Media type code n
Source rdamedia
338 ## - CARRIER TYPE
Carrier type term volume
Carrier type code nc
Source rdacarrier
650 ## - SUBJECT ADDED ENTRY--TOPICAL TERM
Topical term or geographic name entry element English
700 1# - ADDED ENTRY--PERSONAL NAME
Personal name Quiason, Justice Camilo D.
Relator term author
942 ## - ADDED ENTRY ELEMENTS (KOHA)
Koha item type Filipiniana
Source of classification or shelving scheme Library of Congress Classification
Holdings
Withdrawn status Source of classification or shelving scheme Damaged status Not for loan Collection code Home library Current library Shelving location Date acquired Total Checkouts Full call number Barcode Date last seen Price effective from Koha item type
  Library of Congress Classification     Non-fiction Tanay College Library Tanay College Library General Stacks 02/10/2015   L15 .C888 2001 URSTAN-15254 02/10/2015 02/10/2015 Reserved Books
  Library of Congress Classification     Non-fiction Tanay College Library Tanay College Library Reserve Section 02/10/2015   L15 .C888 2001 URSTAN-N3586 02/10/2015 02/10/2015 Reserved Books

University of Rizal System
Email us at univlibservices@urs.edu.ph

Visit our Website www.urs.edu.ph/library